[Event "CZE-ch Youth B16 2022"]
[Site "Luhacovice"]
[Date "2022.03.18"]
[Round "8.2"]
[White "Soucek, Petr"]
[Black "Janous, Marek"]
[Result "0-1"]
[WhiteElo "2194"]
[BlackElo "2056"]
[Annotator "ChessBase"]
[PlyCount "99"]
[EventDate "2022.03.12"]
[EventType "swiss"]
[EventCountry "CZE"]
[SourceTitle "playchess.com"]
[Source "ChessBase"]
[SourceQuality "1"]
[TimeControl "40/5400+30:1800+30"]

1. c4 e5 {[%emt 0:00:52]} 2. Nc3 {[%emt 0:00:13]} Nf6 {[%emt 0:00:12]} 3. Nf3 {[%emt 0:00:52]} Nc6 {[%emt 0:00:10]} 4. e3 {[%emt 0:00:12]} d5 {[%emt 0:06:05]} 5. cxd5 {[%emt 0:03:27]} Nxd5 {[%emt 0:00:06]} 6. Bb5 {[%emt 0:00:01]} Nxc3 {[%emt 0:02:55]} 7. bxc3 {[%emt 0:00:06]} Bd6 {[%emt 0:02:13]} 8. d4 {[%emt 0:00:13]} exd4 {[%emt 0:01:35]} 9. cxd4 {[%emt 0:00:08]} O-O {[%emt 0:01:49]} 10. O-O {[%emt 0:00:12]} Bg4 {[%emt 0:01:39]} 11. h3 {[%emt 0:00:05]} Bh5 {[%emt 0:01:44]} 12. Be2 {[%emt 0:00:33]} Qe7 {[%emt 0:08:21]} 13. Re1 {[%emt 0:03:27]} Rfe8 {[%emt 0:01:10]} 14. Bb2 {[%emt 0:03:45]} Rad8 {[%emt 0:02:17]} 15. Qb3 {[%emt 0:03:07]} Bg6 {[%emt 0:08:02]} 16. a3 {[%emt 0:02:00]} Be4 {[%emt 0:04:34]} 17. Kf1 {[%emt 0:25:08]} Na5 {[%emt 0:12:11]} 18. Qc3 {[%emt 0:00:45]} b6 {[%emt 0:01:30]} 19. Nd2 {[%emt 0:03:05]} Bb7 {[%emt 0:02:19]} 20. Bf3 {[%emt 0:06:28]} Bxf3 {[%emt 0:05:54]} 21. Nxf3 {[%emt 0:00:12]} Qe4 {[%emt 0:02:33]} 22. a4 {[%emt 0:14:16]} Qc6 {[%emt 0:17:24]} 23. Qxc6 {[%emt 0:01:56]} Nxc6 {[%emt 0:00:05]} 24. Ba3 {[%emt 0:00:54]} Nb4 {[%emt 0:00:08]} 25. Bxb4 {[%emt 0:00:08]} Bxb4 {[%emt 0:00:00]} 26. Rec1 {[%emt 0:00:08]} c5 {[%emt 0:00:19]} 27. Ke2 {[%emt 0:00:51]} cxd4 {[%emt 0:00:20]} 28. Rc7 {[%emt 0:00:58]} dxe3 {[%emt 0:01:59]} 29. fxe3 {[%emt 0:01:02]} f5 {[%emt 0:03:59]} 30. Rd1 {[%emt 0:06:11]} Rxd1 {[%emt 0:00:55]} 31. Kxd1 {[%emt 0:00:06]} a5 {[%emt 0:00:40]} 32. Nd4 {[%emt 0:03:03]} g6 {[%emt 0:01:36]} 33. Nc2 {[%emt 0:00:20]} Bc5 {[%emt 0:00:13]} 34. Kd2 {[%emt 0:00:37]} Re4 {[%emt 0:00:39]} 35. Kd3 {[%emt 0:01:07]} Rxa4 {[%emt 0:00:07]} 36. Nd4 {[%emt 0:00:09]} Ra3+ {[%emt 0:00:43]} 37. Kc4 {[%emt 0:00:24]} Rxe3 {[%emt 0:00:26]} 38. Nf3 {[%emt 0:00:10]} a4 {[%emt 0:02:38]} 39. Kd5 {[%emt 0:00:04]} a3 {[%emt 0:01:41]} 40. Ra7 {[%emt 0:00:05]} Rd3+ {[%emt 0:06:20]} 41. Ke6 {[%emt 0:30:35]} b5 {[%emt 0:32:04]} 42. Ra5 {[%emt 0:00:28]} Rd6+ {[%emt 0:00:00]} 43. Ke5 {[%emt 0:00:00]} Rb6 {[%emt 0:00:00]} 44. Kd5 {[%emt 0:00:00]} Bf8 {[%emt 0:00:00]} 45. Ne5 {[%emt 0:00:00]} b4 {[%emt 0:00:00]} 46. Kc4 {[%emt 0:00:00]} b3 {[%emt 0:00:00]} 47. Nd7 {[%emt 0:00:00]} b2 {[%emt 0:00:00]} 48. Ra7 {[%emt 0:00:00]} b1=Q {[%emt 0:00:00]} 49. Nf6+ {[%emt 0:00:00]} Rxf6 {[%emt 0:00:00]} 50. Kd4 0-1

[Event "CZE-ch Youth B16 2022"]
[Site "Luhacovice"]
[Date "2022.03.18"]
[Round "8.3"]
[White "Vilimek, Vit"]
[Black "Dolensky, Filip"]
[Result "0-1"]
[WhiteElo "1794"]
[BlackElo "2021"]
[Annotator "NA"]
[PlyCount "62"]
[EventDate "2022.03.12"]
[EventType "swiss"]
[EventCountry "CZE"]
[SourceTitle "playchess.com"]
[Source "ChessBase"]
[SourceQuality "1"]
[TimeControl "40/5400+30:1800+30"]

1. e4 {[%emt 0:00:04]} d6 {[%emt 0:00:30]} 2. d4 {[%emt 0:00:31]} Nf6 {[%emt 0:01:21]} 3. Nc3 {[%emt 0:00:17]} Nbd7 {[%emt 0:00:08]} 4. f4 {[%emt 0:04:33]} e5 {[%emt 0:02:09]} 5. Nf3 {[%emt 0:02:05]} exd4 {[%emt 0:01:07]} 6. Nxd4 {[%emt 0:00:09]} g6 {[%emt 0:00:38]} 7. h3 {[%emt 0:01:15]} Bg7 {[%emt 0:01:42]} 8. Be3 {[%emt 0:00:17]} O-O {[%emt 0:08:57]} 9. Qf3 $1 {[%emt 0:00:37]} Re8 {[%emt 0:01:31]} 10. O-O-O {[%emt 0:02:46]} Qe7 {[%emt 0:09:49]} (10... a6 $11) 11. Ndb5 {[%emt 0:07:04]} Nb8 {[%emt 0:19:42]} 12. e5 {[%emt 0:10:41]} dxe5 {[%emt 0:00:42]} 13. fxe5 $18 {[%emt 0:02:17]} Nh5 {[%emt 0:06:10]} 14. Bc4 {[%emt 0:20:23]} Nc6 {[%emt 0:07:08]} 15. Bc5 {[%emt 0:23:28]} Qg5+ {[%emt 0:09:01]} 16. Be3 {[%emt 0:07:19]} Qe7 {[%emt 0:01:28]} 17. Nd5 {[%emt 0:04:19]} Qxe5 {[%emt 0:02:25]} 18. c3 {[%emt 0:06:08]} Bf5 {[%emt 0:03:10]} 19. Rhf1 {[%emt 0:02:35]} Ng3 {[%emt 0:09:05]} 20. Bf4 {[%emt 0:00:57]} Ne2+ {[%emt 0:00:12]} 21. Qxe2 {[%emt 0:01:20]} Qxe2 {[%emt 0:00:10]} 22. Bxe2 {[%emt 0:00:02]} Rxe2 {[%emt 0:00:02]} 23. Ne3 {[%emt 0:00:21]} Be4 {[%emt 0:01:36]} 24. Nxc7 {[%emt 0:01:47]} Rc8 {[%emt 0:00:49]} 25. Rd2 {[%emt 0:01:09]} Rxe3 {[%emt 0:00:52]} 26. Bxe3 {[%emt 0:00:25]} Rxc7 {[%emt 0:00:00]} 27. Re1 {[%emt 0:00:35]} Re7 {[%emt 0:00:36]} 28. Bc5 {[%emt 0:00:33]} Re8 {[%emt 0:00:29]} 29. Be3 {[%emt 0:00:31]} Bf5 {[%emt 0:01:05]} 30. g4 {[%emt 0:00:02]} Bh6 {[%emt 0:02:17]} 31. gxf5 {[%emt 0:00:47]} Rxe3 {[%emt 0:00:06]} 0-1

[Event "CZE-ch Youth B16 2022"]
[Site "Luhacovice"]
[Date "2022.03.18"]
[Round "8.4"]
[White "Le, Anh Dung"]
[Black "Stejskal, Michal"]
[Result "1/2-1/2"]
[WhiteElo "1998"]
[BlackElo "1857"]
[Annotator "NA"]
[PlyCount "58"]
[EventDate "2022.03.12"]
[EventType "swiss"]
[EventCountry "CZE"]
[SourceTitle "playchess.com"]
[Source "ChessBase"]
[SourceQuality "1"]
[TimeControl "40/5400+30:1800+30"]

1. e4 {[%emt 0:00:03]} c5 {[%emt 0:00:08]} 2. Nf3 {[%emt 0:00:08]} Nc6 {[%emt 0:00:06]} 3. d4 {[%emt 0:00:19]} cxd4 {[%emt 0:00:12]} 4. Nxd4 {[%emt 0:00:04]} e5 {[%emt 0:00:09]} 5. Nb3 {[%emt 0:00:39]} Nf6 {[%emt 0:00:51]} 6. Nc3 {[%emt 0:00:04]} Bb4 {[%emt 0:00:31]} 7. Bc4 {[%emt 0:00:06]} O-O {[%emt 0:00:15]} 8. O-O {[%emt 0:00:11]} Bxc3 {[%emt 0:00:29]} 9. bxc3 {[%emt 0:00:03]} Nxe4 {[%emt 0:00:28]} 10. Qd3 {[%emt 0:00:10]} Nf6 {[%emt 0:00:08]} 11. Ba3 {[%emt 0:01:23]} d5 {[%emt 0:01:35]} 12. Bxf8 {[%emt 0:02:24]} dxc4 {[%emt 0:00:04]} 13. Qxd8 {[%emt 0:00:30]} Nxd8 {[%emt 0:00:05]} 14. Be7 {[%emt 0:00:42]} cxb3 {[%emt 0:00:05]} 15. Bxd8 {[%emt 0:02:11]} bxc2 {[%emt 0:00:13]} 16. Bxf6 {[%emt 0:03:23]} gxf6 {[%emt 0:00:07]} 17. f4 {[%emt 0:00:56]} Bd7 {[%emt 0:08:57]} 18. Rac1 {[%emt 0:12:34] [#]} ({White should try} 18. Rfe1) 18... Ba4 $1 {[%emt 0:01:13]} 19. Rfe1 {[%emt 0:05:06]} Rc8 {[%emt 0:07:03]} 20. fxe5 {[%emt 0:02:44]} fxe5 {[%emt 0:00:07]} 21. Re4 {[%emt 0:10:10] [#]} Rd8 $1 {[%emt 0:10:13]} 22. Rxe5 {[%emt 0:10:07]} Rd1+ {[%emt 0:00:09]} 23. Re1 {[%emt 0:00:27] [#]} Kg7 {[%emt 0:07:12]} (23... Rd2 $1 $17 24. Re5 f6) 24. Kf2 {[%emt 0:00:29]} Kf6 {[%emt 0:01:37]} 25. h3 {[%emt 0:04:32]} Kf5 $15 {[%emt 0:02:20]} 26. Ra1 {[%emt 0:01:58]} Kf4 {[%emt 0:10:48]} 27. h4 {[%emt 0:02:48]} Kf5 {[%emt 0:00:06]} 28. g3 {[%emt 0:00:10]} a5 {[%emt 0:05:44]} 29. Rc1 {[%emt 0:04:38]} b5 {[%emt 0:12:59]} 1/2-1/2

[Event "CZE-ch Youth B16 2022"]
[Site "Luhacovice"]
[Date "2022.03.18"]
[Round "8.5"]
[White "Paseka, Matyas"]
[Black "Winter, Ondrej"]
[Result "1/2-1/2"]
[WhiteElo "2058"]
[BlackElo "2147"]
[Annotator "NA"]
[PlyCount "119"]
[EventDate "2022.03.12"]
[EventType "swiss"]
[EventCountry "CZE"]
[SourceTitle "playchess.com"]
[Source "ChessBase"]
[SourceQuality "1"]
[TimeControl "40/5400+30:1800+30"]

1. e4 {[%emt 0:00:04]} c5 {[%emt 0:00:03]} 2. Nf3 {[%emt 0:00:08]} Nc6 {[%emt 0:00:03]} 3. d4 {[%emt 0:00:05]} cxd4 {[%emt 0:00:02]} 4. Nxd4 {[%emt 0:00:08]} g6 {[%emt 0:00:02]} 5. Be2 {[%emt 0:00:17]} Bg7 {[%emt 0:00:13]} 6. Nb3 {[%emt 0:00:06]} Nf6 {[%emt 0:01:44]} 7. Nc3 {[%emt 0:00:06]} O-O {[%emt 0:00:08]} 8. O-O {[%emt 0:00:05]} d6 {[%emt 0:00:13]} 9. Re1 {[%emt 0:00:08]} Be6 {[%emt 0:02:13]} 10. Bg5 {[%emt 0:00:14]} Rc8 {[%emt 0:02:13]} 11. Bf1 {[%emt 0:08:50]} Ne5 {[%emt 0:02:42]} 12. Nd5 {[%emt 0:00:51]} Bxd5 {[%emt 0:07:29]} 13. exd5 {[%emt 0:00:08]} Re8 {[%emt 0:04:05]} 14. c3 {[%emt 0:05:08]} Nc4 {[%emt 0:04:53]} 15. Bxc4 {[%emt 0:12:21]} Rxc4 {[%emt 0:02:08]} 16. Qd3 {[%emt 0:00:33]} Qc8 {[%emt 0:05:10]} 17. Nd2 {[%emt 0:04:59]} Rc5 {[%emt 0:06:59]} 18. Bxf6 {[%emt 0:03:38]} Bxf6 {[%emt 0:02:15]} 19. Ne4 {[%emt 0:00:07]} Rc7 {[%emt 0:00:10]} (19... Ra5 $1 $11) 20. Qb5 {[%emt 0:13:17]} Rd7 {[%emt 0:06:37]} 21. Nxf6+ {[%emt 0:00:57]} exf6 {[%emt 0:00:02]} 22. Re2 {[%emt 0:00:45]} Rde7 $11 {[%emt 0:00:56]} 23. Rae1 {[%emt 0:02:23]} Rxe2 {[%emt 0:01:54]} 24. Rxe2 {[%emt 0:00:03]} Rxe2 {[%emt 0:00:06]} 25. Qxe2 {[%emt 0:00:04]} Qf5 {[%emt 0:00:04]} 26. Qd1 {[%emt 0:00:42]} Qe4 {[%emt 0:00:53]} 27. b3 {[%emt 0:03:04]} f5 {[%emt 0:02:03]} 28. c4 {[%emt 0:03:17]} f4 {[%emt 0:00:13]} 29. c5 {[%emt 0:01:18]} Qb4 {[%emt 0:12:16]} 30. cxd6 {[%emt 0:03:21]} Qxd6 {[%emt 0:01:12]} 31. Qd4 {[%emt 0:01:00]} Kf8 {[%emt 0:02:17]} 32. g3 {[%emt 0:11:18]} fxg3 {[%emt 0:01:34]} 33. hxg3 {[%emt 0:00:08]} a6 {[%emt 0:01:15]} 34. b4 {[%emt 0:01:42]} h5 {[%emt 0:01:44]} 35. a4 {[%emt 0:03:50]} Ke7 {[%emt 0:01:51]} 36. Kf1 {[%emt 0:02:33]} Qf6 {[%emt 0:01:19]} 37. Qa7 {[%emt 0:01:24]} Qa1+ {[%emt 0:03:04]} 38. Kg2 {[%emt 0:00:04]} Qxa4 {[%emt 0:00:03]} 39. Qxb7+ {[%emt 0:00:05]} Qd7 {[%emt 0:00:56]} 40. Qxa6 {[%emt 0:05:03]} Qxd5+ {[%emt 0:00:04]} 41. Kh2 {[%emt 0:30:07]} Qd4 {[%emt 0:35:35]} 42. Qb7+ {[%emt 0:00:36]} Ke8 {[%emt 0:01:02]} 43. Kg2 {[%emt 0:02:37]} h4 {[%emt 0:02:57]} 44. Qb5+ {[%emt 0:01:49]} Kf8 {[%emt 0:00:37]} 45. Qb8+ {[%emt 0:01:22]} Kg7 {[%emt 0:00:18]} 46. Qf4 {[%emt 0:05:22]} Qd5+ {[%emt 0:00:42]} 47. Kh2 {[%emt 0:00:23]} hxg3+ {[%emt 0:00:06]} 48. Kxg3 {[%emt 0:00:20]} Qd3+ {[%emt 0:03:01]} 49. Kh2 {[%emt 0:01:47]} Qe2 {[%emt 0:01:07]} 50. Qd4+ {[%emt 0:00:21]} Kg8 {[%emt 0:01:25]} 51. Kg2 {[%emt 0:00:45]} Kh7 {[%emt 0:03:05]} 52. Kg3 {[%emt 0:01:13]} Kg8 {[%emt 0:01:19]} 53. Qc5 {[%emt 0:00:54]} Qd3+ 54. Kf4 {[%emt 0:00:20]} f6 {[%emt 0:08:01]} 55. b5 {[%emt 0:00:00]} g5+ {[%emt 0:00:00]} 56. Kg4 {[%emt 0:00:00]} Qe4+ {[%emt 0:00:00]} 57. Kh5 {[%emt 0:00:00]} Qh7+ {[%emt 0:00:00]} 58. Kg4 {[%emt 0:00:00]} Qe4+ {[%emt 0:00:00]} 59. f4 {[%emt 0:00:00]} Kf7 {[%emt 0:00:00]} 60. Qf2 {[%emt 0:00:00]} 1/2-1/2

[Event "CZE-ch Youth B16 2022"]
[Site "Luhacovice"]
[Date "2022.03.18"]
[Round "8.6"]
[White "Jirasko, Miroslav"]
[Black "Vaclavik, Jan"]
[Result "1-0"]
[WhiteElo "1933"]
[BlackElo "1997"]
[Annotator "NA"]
[PlyCount "49"]
[EventDate "2022.03.12"]
[EventType "swiss"]
[EventCountry "CZE"]
[SourceTitle "playchess.com"]
[Source "ChessBase"]
[SourceQuality "1"]
[TimeControl "40/5400+30:1800+30"]

1. c4 {[%emt 0:00:08]} e5 {[%emt 0:00:06]} 2. Nc3 {[%emt 0:00:06]} d6 {[%emt 0:00:07]} 3. d4 {[%emt 0:00:08]} Be7 {[%emt 0:01:10]} 4. dxe5 {[%emt 0:01:37]} dxe5 {[%emt 0:00:02]} 5. Qxd8+ {[%emt 0:00:08]} Bxd8 {[%emt 0:00:01]} 6. b3 {[%emt 0:04:09]} Bf5 {[%emt 0:02:09]} 7. g3 {[%emt 0:02:26]} c6 {[%emt 0:02:32]} 8. Bg2 {[%emt 0:03:38]} Nd7 {[%emt 0:04:05]} 9. Bb2 {[%emt 0:02:59]} Bc7 {[%emt 0:07:07]} 10. Nf3 {[%emt 0:04:43]} Nh6 {[%emt 0:12:38]} 11. O-O {[%emt 0:02:47]} O-O {[%emt 0:02:17]} 12. Ng5 {[%emt 0:04:24]} Rad8 {[%emt 0:04:15]} 13. Nge4 {[%emt 0:04:09]} Bxe4 {[%emt 0:05:28]} 14. Nxe4 {[%emt 0:00:32]} f5 {[%emt 0:01:21]} 15. Ng5 {[%emt 0:01:35]} Rfe8 {[%emt 0:01:48]} 16. e4 {[%emt 0:04:36]} Nc5 {[%emt 0:03:47]} 17. exf5 {[%emt 0:07:39]} Nxf5 {[%emt 0:02:31]} 18. Ne4 $14 {[%emt 0:05:45]} Bb6 {[%emt 0:07:39]} 19. Rad1 {[%emt 0:06:22]} Nd4 {[%emt 0:14:54]} 20. Nxc5 {[%emt 0:02:14]} Bxc5 {[%emt 0:00:02]} 21. Be4 {[%emt 0:00:07]} Rf8 {[%emt 0:04:09]} 22. Kg2 {[%emt 0:00:21]} Rd6 {[%emt 0:02:16]} 23. f4 {[%emt 0:08:55]} exf4 {[%emt 0:03:43]} 24. b4 {[%emt 0:02:36]} f3+ {[%emt 0:03:25]} 25. Kh1 {[%emt 0:01:08]} 1-0

[Event "CZE-ch Youth B16 2022"]
[Site "Luhacovice"]
[Date "2022.03.18"]
[Round "8.7"]
[White "Zezula, Jakub"]
[Black "Kubiczek, Michal"]
[Result "1-0"]
[WhiteElo "1891"]
[BlackElo "1720"]
[Annotator "NA"]
[PlyCount "51"]
[EventDate "2022.03.12"]
[EventType "swiss"]
[EventCountry "CZE"]
[SourceTitle "playchess.com"]
[Source "ChessBase"]
[SourceQuality "1"]
[TimeControl "40/5400+30:1800+30"]

1. e4 {[%emt 0:00:03]} e5 {[%emt 0:00:07]} 2. Nf3 {[%emt 0:00:05]} Nc6 {[%emt 0:00:04]} 3. Bb5 {[%emt 0:00:05]} a6 {[%emt 0:00:05]} 4. Ba4 {[%emt 0:00:04]} Nf6 {[%emt 0:00:04]} 5. O-O {[%emt 0:00:05]} Be7 {[%emt 0:00:32]} 6. Re1 {[%emt 0:00:07]} b5 {[%emt 0:00:10]} 7. Bb3 {[%emt 0:00:05]} O-O {[%emt 0:00:10]} 8. h3 {[%emt 0:00:17]} d6 {[%emt 0:04:16]} 9. c3 {[%emt 0:00:09]} Na5 {[%emt 0:04:05]} 10. Bc2 {[%emt 0:00:06]} c5 {[%emt 0:00:06]} 11. d4 {[%emt 0:00:32]} cxd4 {[%emt 0:03:01]} 12. cxd4 {[%emt 0:00:21]} Nc6 {[%emt 0:01:56]} 13. Nc3 {[%emt 0:06:53]} Nxd4 {[%emt 0:15:53]} 14. Nxd4 exd4 15. Qxd4 {[%emt 0:01:30]} Bb7 {[%emt 0:02:22]} 16. Bf4 {[%emt 0:14:10]} Rc8 {[%emt 0:07:21]} 17. Rac1 {[%emt 0:02:56]} Rc4 {[%emt 0:08:13]} 18. Qd3 {[%emt 0:03:48]} Qa8 {[%emt 0:01:33]} (18... d5 $14) 19. Bg5 {[%emt 0:04:59]} ({Much weaker is} 19. Bxd6 $6 Rd8 20. Qxc4 (20. Bxe7 Rxd3 21. Bxd3 Rc6 $11) (20. e5 Bxd6 21. exd6 Bxg2 $14) 20... bxc4 $11) 19... h6 $18 {[%emt 0:05:29]} (19... Rd8 $16) 20. Bxf6 {[%emt 0:01:28]} Bxf6 {[%emt 0:04:48]} 21. e5 {[%emt 0:00:09]} g6 {[%emt 0:02:28]} 22. exf6 {[%emt 0:00:07]} Bxg2 {[%emt 0:00:57]} 23. Qg3 {[%emt 0:00:18]} Rc5 {[%emt 0:02:55]} 24. h4 {[%emt 0:00:21]} Bh1 {[%emt 0:01:32]} 25. Bxg6 {[%emt 0:00:41]} Kh8 {[%emt 0:00:25]} 26. Bh7 {[%emt 0:00:11]} 1-0

[Event "CZE-ch Youth B16 2022"]
[Site "Luhacovice"]
[Date "2022.03.18"]
[Round "8.8"]
[White "Dedek, Jan"]
[Black "Bezdek, Tomas"]
[Result "1/2-1/2"]
[WhiteElo "1963"]
[BlackElo "1855"]
[Annotator "NA"]
[PlyCount "61"]
[EventDate "2022.03.12"]
[EventType "swiss"]
[EventCountry "CZE"]
[SourceTitle "playchess.com"]
[Source "ChessBase"]
[SourceQuality "1"]
[TimeControl "40/5400+30:1800+30"]

1. d4 {[%emt 0:00:29]} Nf6 {[%emt 0:00:09]} 2. c4 {[%emt 0:00:37]} e6 {[%emt 0:00:13]} 3. Nf3 {[%emt 0:00:14]} b6 {[%emt 0:00:11]} 4. g3 {[%emt 0:00:07]} Bb7 {[%emt 0:00:06]} 5. Bg2 {[%emt 0:00:07]} Be7 {[%emt 0:00:19]} 6. O-O {[%emt 0:01:05]} O-O {[%emt 0:00:06]} 7. Nc3 {[%emt 0:01:12]} Ne4 {[%emt 0:00:42]} 8. Qc2 {[%emt 0:00:44]} Nxc3 {[%emt 0:00:23]} 9. Qxc3 {[%emt 0:06:46]} c5 {[%emt 0:00:55]} 10. Rd1 {[%emt 0:02:11]} Bf6 {[%emt 0:09:14]} 11. Qc2 {[%emt 0:03:47]} Nc6 {[%emt 0:22:40]} 12. dxc5 {[%emt 0:05:16]} bxc5 {[%emt 0:01:36]} 13. Bf4 {[%emt 0:01:34]} Re8 {[%emt 0:12:53]} 14. Bd6 {[%emt 0:07:34]} Qb6 {[%emt 0:01:59]} 15. Rd2 {[%emt 0:00:34]} Rac8 {[%emt 0:13:39]} 16. Rad1 $11 {[%emt 0:05:10]} Nd4 {[%emt 0:06:36]} 17. Nxd4 {[%emt 0:00:23]} Bxg2 {[%emt 0:00:52]} 18. Kxg2 {[%emt 0:01:50]} Bxd4 {[%emt 0:00:12]} 19. e3 {[%emt 0:10:37]} Qxd6 {[%emt 0:01:07]} 20. exd4 {[%emt 0:00:21]} Qc6+ {[%emt 0:01:22]} 21. Kg1 {[%emt 0:00:57]} cxd4 {[%emt 0:01:01]} 22. Rxd4 {[%emt 0:00:09]} d5 {[%emt 0:00:18]} 23. b3 {[%emt 0:00:14]} h6 {[%emt 0:04:19]} 24. Qd3 {[%emt 0:00:55]} dxc4 {[%emt 0:00:46]} 25. Rxc4 {[%emt 0:00:32]} Qb6 {[%emt 0:00:34]} 26. Rd4 {[%emt 0:02:53]} Qa5 {[%emt 0:01:51]} 27. Ra4 {[%emt 0:03:52]} Qb6 {[%emt 0:05:54]} 28. Rd4 {[%emt 0:05:19]} Qa5 {[%emt 0:00:23]} 29. Ra4 {[%emt 0:06:13]} Qb6 {[%emt 0:00:07]} 30. Rd4 {[%emt 0:01:01]} Qa5 {[%emt 0:00:05]} 31. Ra4 {[%emt 0:00:20]} 1/2-1/2

[Event "CZE-ch Youth B16 2022"]
[Site "Luhacovice"]
[Date "2022.03.18"]
[Round "8.9"]
[White "Mametev, Artem"]
[Black "Oborny, Stanislav"]
[Result "1-0"]
[WhiteElo "1848"]
[BlackElo "1674"]
[Annotator "NA"]
[PlyCount "85"]
[EventDate "2022.03.12"]
[EventType "swiss"]
[EventCountry "CZE"]
[SourceTitle "playchess.com"]
[Source "ChessBase"]
[SourceQuality "1"]
[TimeControl "40/5400+30:1800+30"]

1. e4 e5 2. Nf3 Nc6 3. d4 exd4 4. Nxd4 Bc5 5. Nxc6 Qf6 6. Qd2 Qxc6 7. Bd3 Ne7 8. O-O O-O 9. Qe2 d5 10. Nc3 d4 11. Bb5 {[#]} Qg6 $1 12. Na4 Bb6 13. Nxb6 axb6 14. Bf4 c5 15. a3 Be6 16. Bd6 ({White should try} 16. a4 $14) 16... Bg4 17. f3 Bxf3 $11 18. Rxf3 Qxd6 19. e5 Qc7 20. Bd3 g6 21. Raf1 Nc6 22. e6 f5 23. Bc4 Kh8 24. Re1 Rae8 25. g4 fxg4 26. Rf7 Qd6 27. Rxb7 g3 28. Rxb6 Qc7 29. Rxc6 Qxc6 30. Qe5+ Kg8 31. e7+ Rf7 32. Bxf7+ Kxf7 33. hxg3 Kg8 34. Rf1 Qd7 35. Rf8+ Rxf8 36. exf8=Q+ Kxf8 37. Qh8+ Ke7 38. Qxh7+ Kd8 39. Qxd7+ Kxd7 40. Kf2 Kd6 41. Ke2 Kd5 42. b3 g5 43. Kd3 1-0

[Event "CZE-ch Youth B16 2022"]
[Site "Luhacovice"]
[Date "2022.03.18"]
[Round "8.10"]
[White "Mrazek, Roman"]
[Black "Pelc, Adam"]
[Result "0-1"]
[WhiteElo "1820"]
[BlackElo "1811"]
[Annotator "NA"]
[PlyCount "68"]
[EventDate "2022.03.12"]
[EventType "swiss"]
[EventCountry "CZE"]
[SourceTitle "playchess.com"]
[Source "ChessBase"]
[SourceQuality "1"]
[TimeControl "40/5400+30:1800+30"]

1. e4 {[%emt 0:00:02]} c6 {[%emt 0:00:11]} 2. d4 {[%emt 0:00:21]} d5 {[%emt 0:00:13]} 3. exd5 {[%emt 0:00:14]} cxd5 {[%emt 0:00:24]} 4. c4 {[%emt 0:00:18]} Nf6 {[%emt 0:01:09]} 5. Nc3 {[%emt 0:00:34]} Nc6 {[%emt 0:01:03]} 6. Bg5 {[%emt 0:00:56]} Be6 {[%emt 0:12:39]} 7. Bxf6 {[%emt 0:00:29]} exf6 {[%emt 0:00:11]} 8. c5 {[%emt 0:00:04]} Be7 {[%emt 0:02:14]} 9. Bb5 {[%emt 0:00:53]} O-O {[%emt 0:01:16]} 10. Nge2 {[%emt 0:05:45]} Qc7 {[%emt 0:11:27]} 11. Rc1 {[%emt 0:01:43]} Rad8 {[%emt 0:02:40]} 12. O-O {[%emt 0:02:07]} Bg4 {[%emt 0:04:13]} 13. f3 {[%emt 0:08:36]} Be6 {[%emt 0:02:52]} 14. a3 {[%emt 0:05:59]} f5 $14 {[%emt 0:16:14]} 15. b4 {[%emt 0:05:43]} a6 {[%emt 0:01:28]} 16. Ba4 {[%emt 0:01:16]} Bf6 {[%emt 0:04:53]} 17. Qd3 {[%emt 0:03:29]} Ne7 {[%emt 0:02:26]} 18. f4 {[%emt 0:03:05]} Ra8 {[%emt 0:03:18]} 19. Rb1 {[%emt 0:07:11]} g6 {[%emt 0:04:19]} 20. g3 {[%emt 0:03:51]} Bg7 {[%emt 0:00:37]} 21. Rfc1 {[%emt 0:02:23]} Kh8 {[%emt 0:01:25]} 22. Kg2 {[%emt 0:06:54]} Ng8 {[%emt 0:00:20]} 23. b5 {[%emt 0:01:01]} axb5 {[%emt 0:00:27]} 24. Qxb5 {[%emt 0:03:25]} Rfb8 {[%emt 0:01:17]} 25. Qb6 {[%emt 0:03:02]} Qe7 {[%emt 0:02:42]} 26. Rb4 {[%emt 0:05:47]} Bd7 {[%emt 0:08:04]} 27. Bb3 {[%emt 0:06:34]} Bc6 {[%emt 0:00:30]} 28. Bd1 {[%emt 0:03:14]} Rxa3 {[%emt 0:01:05]} 29. Rbb1 {[%emt 0:01:21]} Rba8 {[%emt 0:02:44]} 30. Qb4 {[%emt 0:01:16]} Nf6 {[%emt 0:01:10]} 31. Nb5 {[%emt 0:00:59]} Qe4+ {[%emt 0:01:18]} 32. Kh3 {[%emt 0:01:26]} Ng4 {[%emt 0:00:39]} 33. Qe1 {[%emt 0:00:49]} Bxb5 {[%emt 0:01:30]} 34. Rxb5 {[%emt 0:00:25]} Qf3 {[%emt 0:00:14]} 0-1

[Event "CZE-ch Youth B16 2022"]
[Site "Luhacovice"]
[Date "2022.03.18"]
[Round "8.11"]
[White "Vasinek, Martin"]
[Black "Simek, Viktor"]
[Result "1-0"]
[WhiteElo "1594"]
[BlackElo "1527"]
[Annotator "NA"]
[PlyCount "61"]
[EventDate "2022.03.12"]
[EventType "swiss"]
[EventCountry "CZE"]
[SourceTitle "playchess.com"]
[Source "ChessBase"]
[SourceQuality "1"]
[TimeControl "40/5400+30:1800+30"]

1. d4 {[%emt 0:00:03]} d5 {[%emt 0:00:07]} 2. c4 {[%emt 0:00:03]} c6 {[%emt 0:00:03]} 3. Nf3 {[%emt 0:00:06]} Nf6 {[%emt 0:00:09]} 4. e3 {[%emt 0:00:05]} e6 {[%emt 0:00:05]} 5. Nbd2 {[%emt 0:00:11]} Nbd7 {[%emt 0:00:54]} 6. Bd3 {[%emt 0:00:09]} Bd6 {[%emt 0:03:04]} 7. O-O {[%emt 0:00:08]} O-O {[%emt 0:00:04]} 8. e4 {[%emt 0:00:07]} dxe4 {[%emt 0:00:52]} 9. Nxe4 {[%emt 0:00:16]} Nxe4 {[%emt 0:00:16]} 10. Bxe4 {[%emt 0:00:07]} Nf6 {[%emt 0:01:27]} 11. Bc2 {[%emt 0:00:10]} b6 {[%emt 0:06:02]} 12. Bg5 {[%emt 0:01:51]} Re8 {[%emt 0:02:34]} 13. Qd3 {[%emt 0:01:43]} g6 {[%emt 0:01:37]} 14. Rad1 {[%emt 0:04:58]} Bb7 {[%emt 0:05:25]} 15. Rfe1 {[%emt 0:02:50]} Be7 {[%emt 0:05:00]} 16. h4 {[%emt 0:12:51]} c5 {[%emt 0:09:31]} 17. Ba4 {[%emt 0:09:16]} Qc7 {[%emt 0:24:12]} 18. Bxe8 {[%emt 0:01:48]} Rxe8 {[%emt 0:00:04]} 19. Ne5 {[%emt 0:01:04]} Rd8 {[%emt 0:02:11]} 20. Qe3 {[%emt 0:08:27]} cxd4 {[%emt 0:02:55]} 21. Rxd4 {[%emt 0:01:55]} Bc5 {[%emt 0:01:09]} 22. Rxd8+ {[%emt 0:00:22]} Qxd8 {[%emt 0:00:05]} 23. Qf4 {[%emt 0:01:25]} Be7 {[%emt 0:02:11]} 24. Ng4 {[%emt 0:07:47]} Nxg4 {[%emt 0:01:24]} 25. Bxe7 {[%emt 0:00:51]} Qxe7 {[%emt 0:01:33]} 26. Qxg4 {[%emt 0:00:04]} Qb4 {[%emt 0:01:00]} 27. Qe2 {[%emt 0:00:14]} Qa4 {[%emt 0:01:21]} 28. Rd1 {[%emt 0:13:33]} Qc6 {[%emt 0:02:25]} 29. Qg4 {[%emt 0:07:07]} Qc7 {[%emt 0:02:53]} 30. h5 {[%emt 0:00:39]} a6 {[%emt 0:02:03]} 31. Qg5 {[%emt 0:01:11]} 1-0